USA 40K Cities on a Map: Michigan - Statistics

General Stats
  • This quiz has been taken 10 times
  • The average score is 15 of 30
Answers on the Map
Answers color-coded by a green-red scale on the quiz's map according to % correct below.
 
Answer Stats
Answer % Correct
Ann Arbor
100%
Detroit
100%
Flint
100%
Lansing
100%
Grand Rapids
89%
Dearborn
78%
Kalamazoo
78%
Battle Creek
67%
Sterling Heights
67%
Troy
67%
Warren
67%
Pontiac
56%
Saginaw
56%
Wyoming
56%
Dearborn Heights
44%
East Lansing
44%
Livonia
44%
Novi
44%
Midland
33%
Rochester Hills
33%
Royal Oak
33%
Southfield
33%
St. Clair Shores
33%
Farmington Hills
22%
Kentwood
22%
Taylor
22%
Westland
22%
Lincoln Park
11%
Portage
11%
Roseville
11%
No matching quizzes found
Score Distribution
Percent of People with Each Score
Percentile by Number Answered
Your Score History
You have not taken this quiz